| 000 | 01096cam a2200325 i 4500 | ||
|---|---|---|---|
| 999 |
_c200436743 _d54955 |
||
| 001 | 200436743 | ||
| 003 | TR-AnTOB | ||
| 005 | 20241121151303.0 | ||
| 007 | ta | ||
| 008 | 191201s2018 tu a b 000 0 tur d | ||
| 020 | _a9786058142015 | ||
| 040 |
_aTR-AnTOB _beng _erda _cTR-AnTOB _dTR-AnTOB |
||
| 041 | 0 | _atur | |
| 050 | 1 | 4 | _aLF5250.T73 |
| 090 |
_aLF5250.T73 _bK674 2018 |
||
| 100 | 1 |
_aKöse, Selahattin, _d1954- _eauthor _9126273 |
|
| 245 | 1 | 0 |
_aKTÜ 61 yaşında : _bbelgelerle Karadeniz Teknik Üniversitesi tarihi / _cSelahattin Köse. |
| 250 | _a1. basım : Haziran 2018 | ||
| 264 | 0 |
_aTrabzon : _bSonhaber matbaacılık, _c2018. |
|
| 300 |
_a347 pages: _billustrations; _c23 cm |
||
| 336 |
_2rdacontent _atext _btxt |
||
| 337 |
_2rdamedia _aunmediated _bn |
||
| 338 |
_2rdacarrier _avolume _bnc |
||
| 490 | 0 |
_aSonhaber yayınları ; _v56 _aAraştırma dizisi ; _v17 |
|
| 504 | _aIncludes bibliographical references (pages 343-346). | ||
| 590 | _aDonated by Şadan Eren. | ||
| 650 | 0 |
_aÜniversiteler ve yüksekokullar _zTürkiye _975060 |
|
| 942 |
_2lcc _cBK |
||